Long waves in Argentine economic development

Guardado en:
Detalles Bibliográficos
Autor principal: Foders, Federico
Otros Autores: Glismann, Hans H.
Formato: Libro
Lenguaje:inglés
Publicado: Kiel Institut für Weltwirtschaft 1985
Colección:Kiel working paper no. 236
Etiquetas: Agregar Etiqueta
Sin Etiquetas, Sea el primero en etiquetar este registro!

MARC

LEADER 00000nam a2200000 4500
001 c110201
005 20250521093008.0
041 0 |a eng 
044 |a DE 
245 1 0 |a Long waves in Argentine economic development  |c Federico Foders, Hans H. Glismann 
264 1 |a Kiel  |b Institut für Weltwirtschaft  |c 1985 
300 |a 28 s. 
490 1 |a Kiel working paper  |v no. 236 
830 0 |a Kiel working paper  |v no. 236 
100 1 |a Foders, Federico 
700 1 |a Glismann, Hans H.